<?xml version="1.0" encoding="UTF-8"?>
<collection xmlns="http://www.loc.gov/MARC21/slim">
 <record>
  <leader>01097nam a2200277 a 4500</leader>
  <controlfield tag="001">15973</controlfield>
  <controlfield tag="003">BD-DhAAL</controlfield>
  <controlfield tag="008">090730s2007    iau           000 0 eng d</controlfield>
  <datafield tag="010" ind1=" " ind2=" ">
   <subfield code="a">  2007920693</subfield>
  </datafield>
  <datafield tag="020" ind1=" " ind2=" ">
   <subfield code="a">8121924057</subfield>
  </datafield>
  <datafield tag="040" ind1=" " ind2=" ">
   <subfield code="a">DLC</subfield>
   <subfield code="c">DLC</subfield>
   <subfield code="d">BD-DhAAL</subfield>
  </datafield>
  <datafield tag="082" ind1="0" ind2="0">
   <subfield code="a">823.8</subfield>
   <subfield code="2">22</subfield>
  </datafield>
  <datafield tag="100" ind1="1" ind2=" ">
   <subfield code="a">Ballantyne, R. M.</subfield>
   <subfield code="q">(Robert Michael),</subfield>
   <subfield code="d">1825-1894.</subfield>
   <subfield code="9">57368</subfield>
  </datafield>
  <datafield tag="245" ind1="1" ind2="4">
   <subfield code="a">The coral island /</subfield>
   <subfield code="c">R. M. Ballantyne.</subfield>
  </datafield>
  <datafield tag="260" ind1=" " ind2=" ">
   <subfield code="a">New Delhi :</subfield>
   <subfield code="b">S. Chand,</subfield>
   <subfield code="c">2007.</subfield>
  </datafield>
  <datafield tag="300" ind1=" " ind2=" ">
   <subfield code="a">122 pages :</subfield>
   <subfield code="c">23 cm</subfield>
  </datafield>
  <datafield tag="526" ind1=" " ind2=" ">
   <subfield code="a">EL-Pro</subfield>
   <subfield code="x">Shadia Alam
Senior Manager, Human Resources Department</subfield>
  </datafield>
  <datafield tag="541" ind1="1" ind2=" ">
   <subfield code="e">15973</subfield>
   <subfield code="a">Bichitra Library</subfield>
  </datafield>
  <datafield tag="650" ind1=" " ind2="0">
   <subfield code="a">Shipwrecks </subfield>
   <subfield code="x">Fiction.</subfield>
   <subfield code="9">57369</subfield>
  </datafield>
  <datafield tag="650" ind1=" " ind2="0">
   <subfield code="a">Survival</subfield>
   <subfield code="x">Fiction.</subfield>
   <subfield code="9">57370</subfield>
  </datafield>
  <datafield tag="650" ind1=" " ind2="0">
   <subfield code="a">Adventure and adventurers</subfield>
   <subfield code="x">Fiction.</subfield>
   <subfield code="9">57371</subfield>
  </datafield>
  <datafield tag="650" ind1=" " ind2="0">
   <subfield code="a">Islands --Fiction.</subfield>
   <subfield code="9">57372</subfield>
  </datafield>
  <datafield tag="852" ind1="4" ind2=" ">
   <subfield code="a">Ayesha Abed Library</subfield>
   <subfield code="c">General Stacks</subfield>
  </datafield>
  <datafield tag="942" ind1=" " ind2=" ">
   <subfield code="2">ddc</subfield>
   <subfield code="c">BK</subfield>
  </datafield>
  <datafield tag="999" ind1=" " ind2=" ">
   <subfield code="c">2985</subfield>
   <subfield code="d">2985</subfield>
  </datafield>
  <datafield tag="952" ind1=" " ind2=" ">
   <subfield code="0">0</subfield>
   <subfield code="1">0</subfield>
   <subfield code="2">ddc</subfield>
   <subfield code="4">0</subfield>
   <subfield code="6">823_800000000000000_BAL</subfield>
   <subfield code="7">0</subfield>
   <subfield code="9">13552</subfield>
   <subfield code="a">BRACUL</subfield>
   <subfield code="b">BRACUL</subfield>
   <subfield code="c">GEN</subfield>
   <subfield code="d">2010-12-09</subfield>
   <subfield code="e">Bichitra Library</subfield>
   <subfield code="g">198.00</subfield>
   <subfield code="l">10</subfield>
   <subfield code="m">11</subfield>
   <subfield code="o">823.8 BAL</subfield>
   <subfield code="p">3010015973</subfield>
   <subfield code="r">2022-09-29</subfield>
   <subfield code="s">2022-08-22</subfield>
   <subfield code="w">2010-12-09</subfield>
   <subfield code="y">BK</subfield>
   <subfield code="x">Requisitioned by Shadia Alam, Senior manager, HRD</subfield>
  </datafield>
 </record>
</collection>
